000 00514nam a2200205Ia 4500
005 20250425161723.0
008 250425s9999 xx 000 0 und d
020 _a0849353300
041 _aeng
082 _a628.9
100 _aGANGSTAD, EDWARD O.
245 0 _aWEED CONTROL METHODS FOR RECREATION FACILITIES MANAGEMENT
250 _a1ST ED.
260 _aBOCA RATON
260 _aEstados Unidos
_bCRC PRESS
_c1982
300 _a297
650 _aCONTROL DE MALEZAS
942 _c01
010 _a26616
999 _c214749
_d214749